مكتبة جامعة عجلون الوطنية

فهرس بحث المكتبة

Financial Accounting for Management : An Analytical Perspective (Record no. 797)

MARC details
000 -LEADER
fixed length control field 00670nam a2200217Ii 4500
003 - CONTROL NUMBER IDENTIFIER
control field JO-AjNU
008 - FIXED-LENGTH DATA ELEMENTS--GENERAL INFORMATION
fixed length control field 230606s9999||||xx |||||||||||||| ||und||
020 ## - INTERNATIONAL STANDARD BOOK NUMBER
International Standard Book Number 978-81-317-2285-5
040 ## - CATALOGING SOURCE
Original cataloging agency JO-AjNU
Language of cataloging eng
Description conventions rda
Transcribing agency JO-AjNU
041 ## - LANGUAGE CODE
Language code of text/sound track or separate title eng
050 14 - LIBRARY OF CONGRESS CALL NUMBER
Classification number HF5636 2009
100 3# - MAIN ENTRY--PERSONAL NAME
Personal name Gupta,Ambrish,
Relator term author
9 (RLIN) 1515
245 00 - TITLE STATEMENT
Title Financial Accounting for Management : An Analytical Perspective
250 ## - EDITION STATEMENT
Edition statement 3th ed
264 31 - PRODUCTION, PUBLICATION, DISTRIBUTION, MANUFACTURE, AND COPYRIGHT NOTICE
Place of production, publication, distribution, manufacture Delhi : Pearson Education,2009
300 ## - PHYSICAL DESCRIPTION
Extent 986p
Other physical details Includes appendix indexes(p923-986)
336 ## - CONTENT TYPE
Content type term text
Content type code txt
Source rdacontent
337 ## - MEDIA TYPE
Media type term unmediated
Media type code n
Source rdamedia
338 ## - CARRIER TYPE
Carrier type term volume
Carrier type code nc
Source rdacarrier
650 #4 - SUBJECT ADDED ENTRY--TOPICAL TERM
Topical term or geographic name entry element Financial Accounting
9 (RLIN) 1516
Holdings
Withdrawn status Lost status Source of classification or shelving scheme Damaged status Not for loan Home library Current library Shelving location Date acquired Total Checkouts Full call number Barcode Date last seen Price effective from Koha item type
    Library of Congress Classification     مكتبة جامعة عجلون الوطنية مكتبة جامعة عجلون الوطنية المجموعات العامة 06/06/2023   HF5636 2009 E797 06/06/2023 06/06/2023 Books